| 000 | 00368nam a2200145Ia 4500 | ||
|---|---|---|---|
| 005 | 20251222152034.0 | ||
| 008 | 251222s9999||||xx |||||||||||||| ||spa|| | ||
| 020 | _a8471146959 | ||
| 082 | _a631.4/F89 | ||
| 100 | _aFuentes Yagüe, José Luis | ||
| 245 | 0 | _aManual práctico de manejo del suelo y de los fertilizantes | |
| 250 | _a1 | ||
| 264 | _bEcoe | ||
| 942 | _cLIB | ||
| 999 |
_c25798 _d25798 |
||